| 000 | 00379nam a2200145Ia 4500 | ||
|---|---|---|---|
| 005 | 20240823064159.0 | ||
| 008 | 240823s9999||||xx |||||||||||||| ||und|| | ||
| 082 | _A651.7 Q3 | ||
| 100 | _aKiranmai Dutt P et al. | ||
| 245 | 2 | _aA Course in Communication Skills | |
| 260 |
_c2013 _bFoundation Books PV |
||
| 500 | _aYES | ||
| 650 |
_aCommunication skills _bEnglish |
||
| 942 | _cNB | ||
| 999 |
_c240091 _d240091 |
||